000 00333nam a2200133Ia 4500
008 240624s9999 xx 000 0 und d
041 _aeng
082 _a828 THA
100 _aTHAPAR ROMILA
245 _aPAST AS PRESENT FORGING CONTEMPORARY IDE
260 _c2014
_aNew Delhi
_bAleph
300 _a329 : p. : cm. ; 24
365 _cRS
999 _c28532
_d28532